| 000 | 01099cam a22003135i 4500 | ||
|---|---|---|---|
| 999 |
_c28726 _d28697 |
||
| 001 | 15198637 | ||
| 003 | EG-ScBUE | ||
| 005 | 20200915145318.0 | ||
| 008 | 010410t19741974nyu f 001 0 eng d | ||
| 020 | _a0814453597 | ||
| 040 |
_aCtY _beng _erda _cCtY _dEG-ScBUE |
||
| 082 | 0 | 4 |
_a658.022 _bCOH _222 |
| 100 | 1 |
_aCohn, Theodore, _eauthor. |
|
| 245 | 1 | 0 |
_aSurvival & growth : _bmanagement strategies for the small firm / _cTheodore Cohn, Roy A. Lindberg. |
| 246 | 3 |
_aSurvival and growth : _bmanagement strategies for the small firm |
|
| 264 | 1 |
_aNew York : _bamacom / American Management Associations, _c[1974] |
|
| 264 | 4 | _cc1974 | |
| 300 |
_aix, 228 pages ; _c24 cm |
||
| 336 |
_atext _btxt _2rdacontent |
||
| 337 |
_aunmediated _bn _2rdamedia |
||
| 338 |
_avolume _bnc _2rdacarrier |
||
| 500 | _aIncludes index. | ||
| 590 | _aTemporary access is available to the Yale community. | ||
| 650 | 7 |
_aSmall business _xManagement. _2BUEsh |
|
| 653 |
_bBUSADM _cSeptember2020 |
||
| 700 | 1 |
_aLindberg, Roy A., _eauthor. _93433 |
|
| 730 | 0 | _aInternet Archive Controlled Digital Lending. | |
| 942 |
_2ddc _cBB |
||